| 000 | 00887nam a22002537a 4500 | ||
|---|---|---|---|
| 999 |
_c7819 _d7819 |
||
| 003 | AR-CdUCM | ||
| 008 | 190321b ||||| |||| 00| 0 spa d | ||
| 020 | _a282-0385-7 | ||
| 040 |
_aMUNICIPALIDAD PROVINCIAL DEL CUSCO _cBIBLIOTECA MUNICIPAL DEL CUSCO |
||
| 041 | _heng | ||
| 082 |
_a576.15 / _bC64 |
||
| 100 |
_aCloudsley - Thompson, J. L. _93335 |
||
| 245 | _aMicroecologia / | ||
| 260 |
_aBarcelona: _bOmega, _c1974. |
||
| 300 |
_a54 paginas ; _bIlustraciones, cuadros, _c21 cm. |
||
| 500 | _aTitulo original : Microecology | ||
| 505 | _aContenido : Microhabitats -- Medidas microclimáticas -- Microclima y distribución faunística -- Animales criptozoicos -- Síntesis... | ||
| 650 |
_aMicrobiologia _922104 |
||
| 650 |
_aRelaciones hidricas _922105 |
||
| 650 |
_aMicroecologia _922106 |
||
| 700 |
_aVillar, Luis (Traductor) _922107 |
||
| 942 |
_2ddc _cLIBROS |
||
| 945 | _awnts | ||